Central Library OPAC University of Rajshahi

আওয়ামী লীগের ভাবাদর্শিক বিকাশ (১৯৪৯-১৯৭২) = Ideological Development of Awami League / (Record no. 76059)

MARC details
000 -LEADER
fixed length control field 00949nam a22002417a 4500
001 - CONTROL NUMBER
control field 76059
003 - CONTROL NUMBER IDENTIFIER
rucl marc code BD-RjUL
005 - DATE AND TIME OF LATEST TRANSACTION
control field 20211209082801.0
008 - FIXED-LENGTH DATA ELEMENTS--GENERAL INFORMATION
fixed length control field 191017s2019 bg ||||| b||| 00| 0 ben d
020 ## - INTERNATIONAL STANDARD BOOK NUMBER
International Standard Book Number 9789849116712
035 ## - SYSTEM CONTROL NUMBER
System control number (BD-RjUL)
040 ## - CATALOGING SOURCE
Original cataloging agency BD-RjUL
Language of cataloging eng
Transcribing agency BD-RjUL
041 ## - LANGUAGE CODE
Language code of text/sound track or separate title eng
082 ## - DEWEY DECIMAL CLASSIFICATION NUMBER
Edition number 23
Classification number 324.25492083
Author mark and year AKA 2019
245 ## - TITLE STATEMENT
Title আওয়ামী লীগের ভাবাদর্শিক বিকাশ (১৯৪৯-১৯৭২) = Ideological Development of Awami League /
Statement of responsibility, etc. মোসা. ছায়িদা আকতার
250 ## - EDITION STATEMENT
Edition statement 1st Published / 2019
260 ## - PUBLICATION, DISTRIBUTION, ETC. (IMPRINT)
Place of publication, distribution, etc. ঢাকা :
Name of publisher, distributor, etc. ফেমাস বুকস্ ;
Date of publication, distribution, etc. ২০১৯
300 ## - PHYSICAL DESCRIPTION
Pagination ৪৩২ পৃ ;
Size ২২ সেমি.
504 ## - BIBLIOGRAPHY, ETC. NOTE
Bibliography, etc বিবলিওগ্রাফি অন্তর্ভূক্ত ।
650 ## - SUBJECT ADDED ENTRY--TOPICAL TERM
Topical term or geographic name as entry element Awami League.
9 (RLIN) 233853
651 ## - SUBJECT ADDED ENTRY--GEOGRAPHIC NAME
Geographic name Bangladesh
General subdivision Politics and government.
9 (RLIN) 233854
942 ## - ADDED ENTRY ELEMENTS (KOHA)
Source of classification or shelving scheme Dewey Decimal Classification
Koha item type Books
Holdings
Lost status Source of classification or shelving scheme Damaged status Not for loan Permanent Location Current Location Shelving location Date acquired Source of acquisition Cost, normal purchase price Total Checkouts Full call number Date last seen Copy number Koha item type Date checked out
  Dewey Decimal Classification   Not For Loan Central Library, University of Rajshahi Central Library, University of Rajshahi Reading Room 14/10/2019 Author 600.00   B 324.25492083 AKA 2019 17/10/2019 C-1 Books  
  Dewey Decimal Classification     Central Library, University of Rajshahi Central Library, University of Rajshahi   14/10/2019 Author 600.00 1 B 324.25492083 AKA 2019 02/11/2022 C-2 Books 13/10/2022
  Dewey Decimal Classification     Central Library, University of Rajshahi Central Library, University of Rajshahi   14/10/2019 Author 600.00   B 324.25492083 AKA 2019 17/10/2019 C-3 Books  
  Dewey Decimal Classification     Central Library, University of Rajshahi Central Library, University of Rajshahi   14/10/2019 Author 600.00   B 324.25492083 AKA 2019 17/10/2019 C-4 Books  
  Dewey Decimal Classification     Central Library, University of Rajshahi Central Library, University of Rajshahi   14/10/2019 Author 600.00   B 324.25492083 AKA 2019 17/10/2019 C-5 Books